000 00454nam a2200169Ia 4500
999 _c572
_d572
003 OSt
005 20210827101442.0
008 190216s9999||||xx |||||||||||||| ||und||
040 _coclc
082 _a492.7
_bALH/K
100 _aA Group Of Authors
245 0 _aKitabar Qawaed Allngathl Ambiyya /
260 _bAl Huda Book Stall,
_aCalicut:
300 _a141p
650 _aArabic
942 _cBK
_2ddc
_h492.7
_iALH/K
_k492.7
_mALH/K